La relación de las artes figurativas con la naturaleza
Gespeichert in:
| 1. Verfasser: | |
|---|---|
| Format: | Buch |
| Sprache: | Spanisch |
| Veröffentlicht: |
Madrid
Aguilar
1954
|
| Schriftenreihe: | Biblioteca de Iniciación Filosófica, 13
|
| Schlagworte: | |
| Tags: |
Tag hinzufügen
Keine Tags, Fügen Sie den ersten Tag hinzu!
|
MARC
| LEADER | 00000nam a2200000 a 4500 | ||
|---|---|---|---|
| 001 | UCP1012 | ||
| 003 | CL-VaPUC | ||
| 008 | 990326e19540000SP |||||||||||||||||spa|d | ||
| 082 | 0 | 4 | |a 701.17 |b SCH |2 21 |
| 100 | 0 | |a Schelling, Friedrich Wilhelm Joseph |e author |9 426738 | |
| 245 | 1 | 3 | |a La relación de las artes figurativas con la naturaleza |
| 300 | |a 81 p | ||
| 942 | |c BK | ||
| 945 | |d 19990326 00:00:00 |a lazolas | ||
| 260 | |a Madrid |b Aguilar |c 1954 | ||
| 650 | 0 | |a Filosofía del arte |9 264951 | |
| 650 | 0 | |a Estética |9 264950 | |
| 650 | 0 | |a Arte y naturaleza |9 426739 | |
| 650 | 0 | |a Filosofía alemana |9 265002 | |
| 583 | |a last modification |c 20150907 10:47:12 |k Rodrigo Vera | ||
| 490 | 0 | |a Biblioteca de Iniciación Filosófica, 13 | |
| 999 | |c 279734 |d 279732 | ||
| 952 | |0 0 |1 0 |4 0 |6 701_170000000000000_SCH_1954 |7 0 |8 A |9 319508 |a BIBHIS |b BIBHIS |d 2019-11-20 |i 1331787 |o 701.17 SCH 1954 |p 1331787 |r 2025-01-20 |w 2019-11-20 |y BK |k HIS | ||